Insolvency Law and its operation in winding-up / (Record no. 1329)

MARC details
000 -LEADER
fixed length control field 00542nam a22001697a 4500
005 - DATE AND TIME OF INPUT
control field 20240202075030.0
008 - DATA ELEMENTS--GENERAL INFORMATION
fixed length control field 240202b |||||||| |||| 00| 0 eng d
020 ## - INTERNATIONAL STANDARD BOOK NUMBER
International Standard Book Number 9780409041361 ; 9780409041378
041 ## - LANGUAGE CODE
Language code of text English
082 ## - SHELF NUMBER
DDC number 346.7 MES
100 ## - MAIN AUTHOR
Main author's name Meskin, PM
Language of a work English
245 ## - TITLE STATEMENT
Title Insolvency Law and its operation in winding-up /
Statement of responsibility, etc. PM Meskin
260 ## - PUBLICATION, DISTRIBUTION, ETC.
Place of publication, distribution, etc. Durban :
Name of publisher, distributor, etc. LexisNexis (Pty) Ltd,
Date of publication, distribution, etc. 2021
300 ## - PHYSICAL DESCRIPTION
Other physical details xii, 132 pages ;
Dimensions 26 cm.
650 ## - SUBJECT`
Broad subject Legal practice
Own subject terms Law
942 ## - ADDED ENTRY ELEMENTS (KOHA)
Item type Books
942 ## - ADDED ENTRY ELEMENTS (KOHA)
-- ALISON_BN_VRIES
Holdings
Source of classification or shelving scheme Volume number (bound volume or other part) Not for loan Collection code Home library Current library Shelving location Date acquired Full call number Barcode Price effective from Koha item type
Dewey Decimal Classification Instruction Sheet   TEXT BOOKS LAW SOCIETY OF NAMIBIA LIBRARY - WINDHOEK LAW SOCIETY OF NAMIBIA LIBRARY - WINDHOEK INSOLVENCY AND INSURANCE 02/02/2024 346.7 MES LSN/2022/81 02/02/2024 Books
Dewey Decimal Classification Star Binder   TEXT BOOKS LAW SOCIETY OF NAMIBIA LIBRARY - WINDHOEK LAW SOCIETY OF NAMIBIA LIBRARY - WINDHOEK INSOLVENCY AND INSURANCE 02/02/2024 346.7 MES LSN/2022/82 02/02/2024 Books